000 00602cam a22002293a 4500
001 35129
003 PGUSA
005 20140828083746.0
008 110131s2011||||xxu|||||s|||||000 1 eng d
040 _aPGUSA
_beng
042 _adc
050 4 _aPQ
100 1 _aGay, Sophie,
_d1776-1852
245 1 0 _aAnatole, Vol. 2
_h[electronic resource] /
_cSophie Gay
260 _bProject Gutenberg,
_c2011
506 _aPublic domain in the USA.
516 _aElectronic text
653 _aFiction
830 0 _aProject Gutenberg
_v35129
856 4 0 _uhttp://www.gutenberg.org/ebooks/35129
942 _cEB
999 _c264384
_d264384